Problemas aplicativos de la jornada a tiempo parcial

Detalles Bibliográficos
Autor principal: Basterra Hernǹdez, Miguel
Formato: eBook
Lenguaje:español
Publicado: Albacete: Editorial Bomarzo, 2018
Materias:
Acceso en línea:Acceso restringido

MARC

LEADER 00000nam a22000007a 4500
005 20190402214322.0
007 cr|||| ||||
008 190402s2018 es |||||s|||| 00||0 spa d
020 |a 978-84-17310-42-4 
035 |a 23170 
040 |a vLex 
090 |c 8535  |d 8535 
100 1 |a Basterra Hernǹdez, Miguel 
245 1 0 |a Problemas aplicativos de la jornada a tiempo parcial  |h [Recurso electrn̤ico] /  |c Miguel Basterra Hernǹdez 
256 |a Servicio en ln̕ea 
260 |a Albacete:  |b Editorial Bomarzo,  |c 2018 
300 |a 1 recurso electrn̤ico 
506 1 |a Disponible solo en los productos indicados  |d vLex Global  |d vLex Global (Academic Edition, excluding Law Schools)  |d vLex Global (U.S. Academic Edition, Law Schools)  |d vLex Global (U.S. Academic Edition, excluding Law Schools)  |d vLex Global (Academic Edition, Law Schools) 
650 0 4 |a Derecho Laboral y Seguridad Social  |z Espaą 
740 0 |a vLex Libros (Servicio en ln̕ea) 
856 4 0 |u http://vlex.com/source/problemas-aplicativos-de-la-jornada-a-tiempo-parcial-23170  |z Acceso restringido 
942 |c BOOK 
999 0 |a Labor law and social security